[Event "GER-ch31 final email"]
[Site "GER email"]
[Date "2002.??.??"]
[Round "?"]
[White "Hofstetter, Hans Joachim"]
[Black "Karkuth, Siegfried"]
[Result "0-1"]
[WhiteElo "2305"]
[BlackElo "2334"]
[PlyCount "56"]
[EventDate "2002.??.??"]
[EventType "tourn (corr)"]
[EventRounds "16"]
[EventCountry "GER"]
[SourceTitle "Corr 2011"]
[Source "ChessBase"]
[SourceDate "2010.08.31"]
[SourceVersion "1"]
[SourceVersionDate "2010.08.31"]
[SourceQuality "1"]

1. e4 c5 2. Nf3 e6 3. c3 Nf6 4. Bd3 Nc6 5. 0-0 d5 6. e5 Nd7 7. Bb5 Qb6 8. Qe2 c4 9. Ba4 Be7 10. d4 cxd3 11. Qxd3 Nc5 12. Bxc6+ bxc6 13. Qc2 Ba6 14. Rd1 Qc7 15. Nd4 Nd7 16. f4 0-0 17. Be3 c5 18. Nf3 f6 19. exf6 Rxf6 20. Na3 h6 21. g3 Qc6 22. Qg2 Raf8 23. Re1 Bb7 24. Rf1 d4 25. cxd4 cxd4 26. Bxd4 e5 27. Rac1 Qa4 28. Rc4 Qa5 0-1

[Event "GER-ch31 final email"]
[Site "GER email"]
[Date "2002.??.??"]
[Round "?"]
[White "Karkuth, Siegfried"]
[Black "Haese, Gerhard"]
[Result "1-0"]
[WhiteElo "2334"]
[BlackElo "2225"]
[PlyCount "95"]
[EventDate "2002.??.??"]
[EventType "tourn (corr)"]
[EventRounds "16"]
[EventCountry "GER"]
[SourceTitle "Corr 2011"]
[Source "ChessBase"]
[SourceDate "2010.08.31"]
[SourceVersion "1"]
[SourceVersionDate "2010.08.31"]
[SourceQuality "1"]

1. d4 Nf6 2. c4 e6 3. Nf3 b6 4. g3 Bb7 5. Bg2 Be7 6. Nc3 Ne4 7. Bd2 Bf6 8. 0-0 c5 9. d5 Nxc3 10. Bxc3 Bxc3 11. bxc3 0-0 12. Qd3 exd5 13. cxd5 d6 14. a4 Nd7 15. Rfb1 Rb8 16. c4 Re8 17. e3 a5 18. Ra3 Bc8 19. Bh3 Nf8 20. Bxc8 Qxc8 21. Rab3 Qd8 22. Qf5 Qd7 23. Qxd7 Nxd7 24. Nd2 f5 25. f3 Re7 26. e4 Rf8 27. exf5 Rxf5 28. Kf1 g5 29. Kf2 Rf6 30. Re3 Rxe3 31. Kxe3 Rh6 32. Rh1 Kf7 33. h4 gxh4 34. Rxh4 Rxh4 35. gxh4 Ne5 36. f4 Ng4+ 37. Kf3 Nh6 38. h5 Kg7 39. Nf1 Kf6 40. Ng3 Kg7 41. Ke3 Kf7 42. Kf2 Kf8 43. Kg2 Kf7 44. Kh3 Ke7 45. Ne4 Ng8 46. Kh4 h6 47. Ng3 Kd7 48. Kg4 1-0

[Event "GER-ch31 final email"]
[Site "GER email"]
[Date "2002.??.??"]
[Round "?"]
[White "Siegler, Wolfgang"]
[Black "Karkuth, Siegfried"]
[Result "1/2-1/2"]
[WhiteElo "2302"]
[BlackElo "2334"]
[PlyCount "77"]
[EventDate "2002.??.??"]
[EventType "tourn (corr)"]
[EventRounds "16"]
[EventCountry "GER"]
[SourceTitle "Corr 2011"]
[Source "ChessBase"]
[SourceDate "2010.08.31"]
[SourceVersion "1"]
[SourceVersionDate "2010.08.31"]
[SourceQuality "1"]

1. d4 Nf6 2. c4 e6 3. Nc3 Bb4 4. Qc2 0-0 5. a3 Bxc3+ 6. Qxc3 b6 7. Bg5 Bb7 8. Nf3 d6 9. Nd2 Nbd7 10. f3 h6 11. Bh4 Rc8 12. e4 c5 13. Bd3 d5 14. exd5 exd5 15. 0-0 dxc4 16. Bxc4 cxd4 17. Qxd4 Re8 18. Rad1 Ne5 19. Qf2 Qd6 20. Nb3 Qc6 21. Be2 Ng6 22. Nd4 Qd6 23. Bg3 Qc5 24. Bd3 Nh5 25. Bxg6 fxg6 26. Rfe1 Rxe1+ 27. Qxe1 Nxg3 28. Qxg3 Rd8 29. Qf2 Qe5 30. Rd2 Rd6 31. b4 Kh7 32. Nc2 Rc6 33. Qd4 Qc7 34. Qb2 Bc8 35. Ne3 Be6 36. Rc2 Rxc2 37. Qxc2 Qe5 38. Qc1 Qd4 39. h3 1/2-1/2

[Event "GER-ch31 final email"]
[Site "GER email"]
[Date "2002.??.??"]
[Round "?"]
[White "Voss, Maximilian"]
[Black "Karkuth, Siegfried"]
[Result "1/2-1/2"]
[WhiteElo "2407"]
[BlackElo "2334"]
[PlyCount "77"]
[EventDate "2002.??.??"]
[EventType "tourn (corr)"]
[EventRounds "16"]
[EventCountry "GER"]
[SourceTitle "Corr 2011"]
[Source "ChessBase"]
[SourceDate "2010.08.31"]
[SourceVersion "1"]
[SourceVersionDate "2010.08.31"]
[SourceQuality "1"]

1. e4 c5 2. Nf3 e6 3. d4 cxd4 4. Nxd4 Nc6 5. Nc3 Qc7 6. Be2 a6 7. 0-0 Nf6 8. Be3 Bb4 9. Na4 Be7 10. Nxc6 bxc6 11. Nb6 Rb8 12. Nxc8 Qxc8 13. Bd4 c5 14. Be5 Rb6 15. Qd3 d6 16. Bc3 0-0 17. b3 d5 18. e5 Nd7 19. f4 Rc6 20. Qh3 c4 21. Ba5 cxb3 22. axb3 Nc5 23. c4 Ne4 24. Qf3 Qb7 25. Rad1 Bb4 26. cxd5 exd5 27. Rxd5 Nc3 28. Bxb4 Qxb4 29. Rd3 Qxb3 30. Bd1 Qc4 31. f5 Nxd1 32. Rfxd1 Re8 33. e6 fxe6 34. f6 Rc7 35. Rd8 Qc5+ 36. Kh1 Qf8 37. fxg7 Rxg7 38. Rxe8 Qxe8 39. Qf6 1/2-1/2

[Event "GER-ch31 final email"]
[Site "GER email"]
[Date "2002.??.??"]
[Round "?"]
[White "Wolf, Wolfgang"]
[Black "Karkuth, Siegfried"]
[Result "1/2-1/2"]
[WhiteElo "2255"]
[BlackElo "2334"]
[PlyCount "71"]
[EventDate "2002.??.??"]
[EventType "tourn (corr)"]
[EventRounds "16"]
[EventCountry "GER"]
[SourceTitle "Corr 2011"]
[Source "ChessBase"]
[SourceDate "2010.08.31"]
[SourceVersion "1"]
[SourceVersionDate "2010.08.31"]
[SourceQuality "1"]

1. b4 e6 2. Bb2 Nf6 3. b5 d5 4. e3 Bd6 5. Nf3 c5 6. c4 Nbd7 7. Nc3 0-0 8. d3 b6 9. Be2 Bb7 10. 0-0 Qe7 11. Qc2 Rfe8 12. a4 Bc7 13. Rfd1 Rac8 14. h3 Qd6 15. d4 dxc4 16. dxc5 Qxc5 17. Rd4 Bxf3 18. Bxf3 Be5 19. Rd2 Qc7 20. Bc6 Red8 21. f4 Bd6 22. Ne4 Nxe4 23. Qxe4 Nb8 24. Rad1 Bf8 25. Rxd8 Rxd8 26. Rxd8 Qxd8 27. Qxc4 Qd1+ 28. Kh2 Nd7 29. Qd4 Qxd4 30. exd4 Nf6 31. Kg3 Bd6 32. Kf3 Kf8 33. g4 g6 34. Bc1 Nd5 35. Bxd5 exd5 36. f5 1/2-1/2